Les experiences allemandes de cogestion: techniques et réalisations
Guardado en:
| Autor principal: | |
|---|---|
| Formato: | Libro |
| Lenguaje: | francés |
| Publicado: |
París
Dalloz
1960
|
| Materias: | |
| Etiquetas: |
Agregar Etiqueta
Sin Etiquetas, Sea el primero en etiquetar este registro!
|
MARC
| LEADER | 00000nam a2200000 a 4500 | ||
|---|---|---|---|
| 001 | UCS2216 | ||
| 003 | CL-VaPUC | ||
| 008 | 970523e19600000FR |||||||||||||||||fre|d | ||
| 082 | 0 | 4 | |a 338.6 |b HER |2 21 |
| 100 | 0 | |a Herlin, Xavier |e author |9 387363 | |
| 245 | 1 | 4 | |a Les experiences allemandes de cogestion: techniques et réalisations |
| 300 | |a 282 p | ||
| 942 | |c BK | ||
| 945 | |d 19970523 00:00:00 |a paguirre | ||
| 260 | |a París |b Dalloz |c 1960 | ||
| 650 | 0 | |a Empresas |9 255569 | |
| 650 | 0 | |a Producción |9 263680 | |
| 650 | 7 | |a ECONOMIA INDUSTRIAL |2 CL-VaPUC |9 315314 | |
| 650 | 7 | |a PERSONAL |2 CL-VaPUC |9 343747 | |
| 650 | 0 | |a Administración de empresas |9 260833 | |
| 650 | 7 | |a CODIRECCION |2 CL-VaPUC |9 387364 | |
| 651 | 0 | |a Alemania |9 255688 | |
| 583 | |a last modification |c 19970523 00:00:00 |k Rodrigo Vera | ||
| 999 | |c 260194 |d 260192 | ||
| 952 | |0 0 |1 0 |4 0 |6 338_600000000000000_HER_1960 |7 0 |8 A |9 286092 |a BIBDER |b BIBDER |d 2019-11-19 |i 1859668 |o 338.6 HER 1960 |p 1859668 |r 2023-01-25 |w 2019-11-19 |y BK |k DER | ||